عرض عادي
عرض مارك
- حماية البيانات
دخول Topical Term
001 - CONTROL NUMBER
- control field: 29436
003 - CONTROL NUMBER IDENTIFIER
- control field: AE-AdECS
005 - DATE AND TIME OF LATEST TRANSACTION
- control field: 20260501103236.0
008 - FIXED-LENGTH DATA ELEMENTS
- fixed length control field: 260501|| aca||aabn | a|a d
040 ## - CATALOGING SOURCE
- Original cataloging agency: AE-AdECS
- Transcribing agency: AE-AdECS
150 ## - HEADING--TOPICAL TERM
- Topical term or geographic name entry element: حماية البيانات
- Geographic subdivision: الولايات المتحدة الأمريكية
670 ## - SOURCE DATA FOUND
- Source citation: Work cat.: (AE-AdECS)294949: زعاترة، فرح يحيى مؤلف. 29435, التهديدات السيبرانية على الأمن القومي الأمريكي /
